30 Biggest Cities in Massachusetts - Statistics

General Stats
  • This quiz has been taken 30 times
  • The average score is 18 of 30
Answer Stats
Population Answer % Correct
675,647 Boston
100%
206,518 Worcester
93%
118,403 Cambridge
89%
155,929 Springfield
89%
115,554 Lowell
79%
94,000 Fall River
75%
72,362 Framingham
75%
101,636 Quincy
75%
105,643 Brockton
71%
101,253 Lynn
71%
101,079 New Bedford
71%
81,045 Somerville
68%
67,787 Haverhill
64%
89,143 Lawrence
64%
88,923 Newton
64%
61,217 Plymouth
64%
63,191 Brookline
57%
66,263 Malden
57%
59,659 Medford
57%
62,186 Revere
50%
65,218 Waltham
50%
49,075 Everett
46%
59,408 Taunton
46%
57,437 Weymouth
43%
55,560 Chicopee
39%
53,059 Methuen
39%
48,916 Barnstable
36%
54,481 Peabody
36%
46,461 Attleboro
29%
46,308 Arlington
25%
No matching quizzes found
Score Distribution
Percent of People with Each Score
Percentile by Number Answered
Your Score History
You have not taken this quiz